[Event "41st Guernsey International Open"]
[Site "Guernsey, GCI"]
[Date "2015.10.22"]
[Round "5"]
[White "Sikkel, Dirk"]
[Black "Abbas, Daniel"]
[Result "0-1"]
[WhiteElo "1937"]
[BlackElo "2168"]
[PlyCount "136"]
[EventDate "2015.10.18"]
[EventType "swiss"]
[EventRounds "7"]

1. e4 c5 2. Nf3 e6 3. b3 a6 4. Bb2 Nc6 5. c4 Qc7 6. Nc3 Nf6 7. Be2 Bd6 8. h3 b6
9. O-O Bb7 10. d3 O-O 11. a3 Ne5 12. Nxe5 Bxe5 13. Qc2 d5 14. Bf3 dxe4 15. dxe4
Rfd8 16. Rad1 Rd4 17. Rxd4 Bxd4 18. Nd1 Rd8 19. Bxd4 Rxd4 20. Nc3 Qe5 21. Re1
h5 22. Re3 h4 23. Ne2 Rd8 24. Nc3 g6 25. Rd3 Rd4 26. Re3 Nd7 27. Ne2 Rd6 28.
Nc1 Nb8 29. Nd3 Qa1+ 30. Re1 Qd4 31. e5 Rd7 32. Bxb7 Rxb7 33. Nb2 Rd7 34. Re4
Qd2 35. Re2 Qxc2 36. Rxc2 Nc6 37. f4 Nd4 38. Rf2 Nxb3 39. Na4 Rd1+ 40. Kh2 Nd4
41. g4 hxg3+ 42. Kxg3 Rd3+ 43. Kg2 Rb3 44. Rb2 Rxb2+ 45. Nxb2 Nc2 46. a4 Kf8
47. Kf2 Ke7 48. Ke2 Kd7 49. Nd3 Kc6 50. Kd2 Na3 51. Kc3 b5 52. axb5+ axb5 53.
cxb5+ Nxb5+ 54. Kc4 Na3+ 55. Kc3 Kd5 56. Nf2 Nb5+ 57. Kd3 c4+ 58. Ke3 Nd4 59.
Kd2 Nb3+ 60. Kc3 Nc5 61. Ng4 Ne4+ 62. Kc2 Kd4 63. Nh6 Ke3 64. Nxf7 Kxf4 65. Nh8
g5 66. Nf7 Nf2 67. Kc3 Nxh3 68. Kxc4 g4 0-1

[Event "41st Guernsey International Open"]
[Site "Guernsey, GCI"]
[Date "2015.10.22"]
[Round "5"]
[White "Heppell, Ian N"]
[Black "Goris, Ton"]
[Result "1/2-1/2"]
[WhiteElo "2089"]
[BlackElo "1975"]
[PlyCount "119"]
[EventDate "2015.10.18"]
[EventType "swiss"]
[EventRounds "7"]

1. e4 e6 2. d4 d5 3. Nc3 Bb4 4. Bd3 dxe4 5. Bxe4 Nf6 6. Bg5 Nbd7 7. Qf3 c6 8.
Nge2 Qa5 9. Bxf6 Nxf6 10. Bxc6+ Bd7 11. Bxd7+ Nxd7 12. O-O Rb8 13. d5 O-O 14.
Rad1 e5 15. a3 Bxc3 16. Qxc3 Qb6 17. Qb4 Rfc8 18. Rd2 a5 19. Qxb6 Nxb6 20. b3
a4 21. Rfd1 axb3 22. cxb3 Kf8 23. d6 Nd7 24. f3 Rc6 25. Kf2 Rbc8 26. b4 f6 27.
Ng3 g6 28. Ne4 b6 29. g4 Kf7 30. h4 Rc2 31. Ke3 Rxd2 32. Rxd2 h6 33. h5 gxh5
34. Rh2 hxg4 35. fxg4 Kg7 36. Kd3 Kg6 37. a4 Ra8 38. Kc4 Rxa4 39. Kb5 Ra7 40.
Rc2 f5 41. gxf5+ Kxf5 42. Rc7 Ra1 43. Rxd7 Kxe4 44. Rh7 Kd5 45. d7 Ra8 46. Kxb6
Kd6 47. Kb5 Rd8 48. Rxh6+ Kxd7 49. Kc5 Kc8 50. Re6 Kb8 51. Rxe5 Rc8+ 52. Kb6
Rh8 53. Re6 Rg8 54. b5 Rh8 55. Ka6 Rg8 56. b6 Rh8 57. b7 Rg8 58. Kb6 Rh8 59.
Rc6 Rg8 60. Rc8+ 1/2-1/2

[Event "41st Guernsey International Open"]
[Site "Guernsey, GCI"]
[Date "2015.10.22"]
[Round "5"]
[White "Hickman, John E"]
[Black "Salimbeni, George PW"]
[Result "1-0"]
[WhiteElo "1924"]
[BlackElo "2142"]
[PlyCount "103"]
[EventDate "2015.10.18"]
[EventType "swiss"]
[EventRounds "7"]

1. e4 c6 2. d4 d5 3. Nc3 dxe4 4. Nxe4 Bf5 5. Ng3 Bg6 6. Nf3 Nd7 7. h4 h6 8. h5
Bh7 9. Bd3 Bxd3 10. Qxd3 e6 11. Bd2 Ngf6 12. O-O-O Be7 13. Ne4 Qc7 14. g3 Nxe4
15. Qxe4 Nf6 16. Qe2 O-O-O 17. c4 c5 18. Bc3 cxd4 19. Nxd4 Qb6 20. a3 Rd7 21.
Nf3 Rhd8 22. Ne5 Rxd1+ 23. Rxd1 Rxd1+ 24. Kxd1 Bxa3 25. Nxf7 Bc5 26. Ke1 Qa6
27. Nxh6 Bb4 28. Bxb4 Qa1+ 29. Qd1 Qxd1+ 30. Kxd1 gxh6 31. Bf8 Nxh5 32. Bxh6
Nf6 33. f3 Kd7 34. Ke2 Kd6 35. Bf8+ Kc6 36. Ke3 Nd7 37. Be7 Ne5 38. b3 Ng6 39.
Bb4 b5 40. Kd4 a6 41. f4 Kb6 42. Bc5+ Kc6 43. cxb5+ Kxb5 44. Ba3 a5 45. Ke4 a4
46. bxa4+ Kxa4 47. Bd6 Kb5 48. f5 Nh8 49. fxe6 Kc6 50. Ba3 Kc7 51. Kf5 Kd8 52.
Kf6 1-0

[Event "41st Guernsey International Open"]
[Site "Guernsey, GCI"]
[Date "2015.10.22"]
[Round "5"]
[White "Curtis, John E"]
[Black "Campbell, Ian"]
[Result "1-0"]
[WhiteElo "2101"]
[BlackElo "1996"]
[PlyCount "55"]
[EventDate "2015.10.18"]
[EventType "swiss"]
[EventRounds "7"]

1. d4 g6 2. e4 d6 3. Nc3 Bg7 4. Be3 a6 5. Qd2 b5 6. Bd3 Bb7 7. a4 b4 8. Nce2 a5
9. f3 Nd7 10. h4 h5 11. Nh3 Rc8 12. Ng5 Nb6 13. O-O Nh6 14. c3 bxc3 15. bxc3
O-O 16. Ne6 fxe6 17. Bxh6 e5 18. Qg5 Bxh6 19. Qxh6 Rf6 20. f4 Qf8 21. Qg5 Qg7
22. fxe5 dxe5 23. dxe5 Rxf1+ 24. Rxf1 Rf8 25. Rxf8+ Kxf8 26. Nf4 Bc8 27. Nxg6+
Kf7 28. Be2 1-0

[Event "41st Guernsey International Open"]
[Site "Guernsey, GCI"]
[Date "2015.10.22"]
[Round "5"]
[White "Dilleigh, Stephen P"]
[Black "Morcom, Huw"]
[Result "1-0"]
[WhiteElo "2074"]
[BlackElo "1966"]
[PlyCount "59"]
[EventDate "2015.10.18"]
[EventType "swiss"]
[EventRounds "7"]

1. Nf3 g6 2. d4 Bg7 3. e4 c6 4. h3 d5 5. Nbd2 dxe4 6. Nxe4 Nf6 7. Nxf6+ exf6 8.
Bd3 O-O 9. O-O Re8 10. Be3 Nd7 11. Qd2 Nf8 12. Rfe1 Be6 13. c4 Qd7 14. Qc2 Rac8
15. Rad1 Qc7 16. Bd2 Red8 17. Bc3 a6 18. Qd2 h5 19. b3 Kh7 20. Qb2 Kg8 21. Nd2
Qf4 22. g3 Qc7 23. Bf1 g5 24. Ne4 Bf5 25. Bg2 g4 26. h4 Bg6 27. d5 Bxe4 28.
Bxe4 cxd5 29. Bxd5 Nd7 30. Re7 1-0

[Event "41st Guernsey International Open"]
[Site "Guernsey, GCI"]
[Date "2015.10.22"]
[Round "5"]
[White "Magnussen, Pal"]
[Black "Prins, Jan"]
[Result "1/2-1/2"]
[WhiteElo "1987"]
[BlackElo "2073"]
[PlyCount "118"]
[EventDate "2015.10.18"]
[EventType "swiss"]
[EventRounds "7"]

1. e4 c5 2. Nf3 Nc6 3. c3 e6 4. d3 Nge7 5. Be3 Ng6 6. g3 Be7 7. Bg2 d5 8. O-O
O-O 9. Na3 d4 10. Bd2 e5 11. Ne1 a5 12. f4 exf4 13. gxf4 Ra6 14. Qh5 dxc3 15.
bxc3 Nh4 16. Be3 g6 17. Qe2 Qd7 18. f5 Ne5 19. Bh3 Qd8 20. Nac2 Rc6 21. d4 cxd4
22. cxd4 Nc4 23. Bh6 Re8 24. d5 Rc7 25. fxg6 hxg6 26. Bxc8 Qxc8 27. Bf4 Bd6 28.
Bg5 Qh3 29. Bf4 Bxf4 30. Rxf4 Ne5 31. Nd4 Rc3 32. Rb1 Re3 33. Rxh4 Rxe2 34.
Rxh3 Rxe4 35. Rd1 Nc4 36. Nec2 a4 37. Kf2 b5 38. Re1 Rxe1 39. Nxe1 Rd8 40. Nc6
Rd6 41. Nc2 Kg7 42. N2b4 Rf6+ 43. Rf3 Nd6 44. Rxf6 Kxf6 45. Kf3 Kf5 46. Nd3 g5
47. Nd4+ Kg6 48. Ne5+ Kf6 49. Ndc6 Kf5 50. Ng4 Kg6 51. Ne7+ Kh5 52. Ne3 b4 53.
Nc6 b3 54. axb3 axb3 55. Nd1 Kh4 56. Kg2 Kg4 57. Nd4 Kf4 58. Nxb3 Ke4 59. Kg3
f5 1/2-1/2

[Event "41st Guernsey International Open"]
[Site "Guernsey, GCI"]
[Date "2015.10.22"]
[Round "5"]
[White "Van Den Boogaart, Jan Maarten"]
[Black "Taylor, Mark V"]
[Result "1/2-1/2"]
[WhiteElo "1980"]
[BlackElo "2053"]
[PlyCount "93"]
[EventDate "2015.10.18"]
[EventType "swiss"]
[EventRounds "7"]

1. d4 e6 2. c4 b6 3. Nc3 Bb7 4. Nf3 Bb4 5. Qb3 Bxc3+ 6. Qxc3 Nf6 7. Bg5 h6 8.
Bh4 g5 9. Bg3 Ne4 10. Qc2 Qe7 11. Nd2 Nxg3 12. hxg3 Nc6 13. e3 O-O-O 14. O-O-O
Kb8 15. a3 h5 16. Be2 h4 17. gxh4 gxh4 18. Rh2 Qf6 19. Bf3 h3 20. Bxc6 Bxc6 21.
gxh3 Rh4 22. Rg1 Rdh8 23. Rg3 Qe7 24. Qd1 f5 25. f4 d6 26. Qg1 e5 27. Rg7 Qf6
28. d5 Be8 29. fxe5 Qxe5 30. Qg3 f4 31. exf4 Rxf4 32. Rg5 Qf6 33. h4 Bh5 34.
Rg8+ Rxg8 35. Qxg8+ Kb7 36. Qg5 Qf7 37. Kb1 b5 38. cxb5 Rg4 39. Qe3 Qxd5 40. b3
Bg6+ 41. Kb2 Rd4 42. Qc3 Rd3 43. Qc6+ Qxc6 44. bxc6+ Kxc6 45. Nc4 Rd5 46. Ne3
Re5 47. Nc4 1/2-1/2

[Event "41st Guernsey International Open"]
[Site "Guernsey, GCI"]
[Date "2015.10.22"]
[Round "5"]
[White "Kirby, Peter J"]
[Black "Collier, David O"]
[Result "1/2-1/2"]
[WhiteElo "1977"]
[BlackElo "2037"]
[PlyCount "104"]
[EventDate "2015.10.18"]
[EventType "swiss"]
[EventRounds "7"]

1. c4 e5 2. g3 Nf6 3. Bg2 d5 4. cxd5 Nxd5 5. Nc3 Nb6 6. Nf3 Nc6 7. O-O Be7 8.
a3 a5 9. d3 O-O 10. Be3 Be6 11. Ne4 Nd5 12. Bc5 f6 13. Rc1 Kh8 14. Qd2 b6 15.
Bxe7 Ncxe7 16. d4 exd4 17. Nxd4 Bd7 18. Nc3 c6 19. Rfd1 Rc8 20. Nxd5 cxd5 21.
Rc3 Rxc3 22. Qxc3 Qc8 23. Rc1 Qxc3 24. Rxc3 Rc8 25. Rxc8+ Bxc8 26. e3 Bd7 27.
Kf1 Kg8 28. Ke2 Kf7 29. Kd3 Bc8 30. Kc3 Ke8 31. b4 axb4+ 32. Kxb4 Kd8 33. f4
Bd7 34. Bf1 Nc8 35. Bg2 Ne7 36. Bf3 h6 37. Bg2 Bc8 38. Bf1 Bd7 39. Bb5 Bh3 40.
Nc6+ Nxc6+ 41. Bxc6 Bg2 42. Ba4 Kc7 43. Kc3 Kd6 44. Kd4 Bf1 45. Bb3 Bg2 46. Bd1
Be4 47. Be2 Bg2 48. Bd3 Bf3 49. Bf1 Be4 50. Be2 Bg2 51. Bd3 Bf3 52. Bf1 Be4
1/2-1/2

[Event "41st Guernsey International Open"]
[Site "Guernsey, GCI"]
[Date "2015.10.22"]
[Round "5"]
[White "Kirkwood, Robin"]
[Black "Thurlow, Kevin J"]
[Result "0-1"]
[WhiteElo "1911"]
[BlackElo "2016"]
[PlyCount "66"]
[EventDate "2015.10.18"]
[EventType "swiss"]
[EventRounds "7"]

1. b3 e5 2. Bb2 Nc6 3. e3 Nf6 4. Nf3 d6 5. Bb5 Bd7 6. O-O Be7 7. Re1 O-O 8. Bf1
Bg4 9. Be2 Qd7 10. c4 e4 11. Nd4 Ne5 12. f3 exf3 13. Nxf3 Bxf3 14. gxf3 Qh3 15.
d4 Ng6 16. Bf1 Qh6 17. Nc3 Nh5 18. Ne4 Bh4 19. Re2 f5 20. Nf2 Qg5+ 21. Kh1 Bxf2
22. Rxf2 Qxe3 23. Qd2 Rae8 24. Bc3 Ngf4 25. Re1 Qxd2 26. Bxd2 Rxe1 27. Bxe1 Re8
28. Bd2 Kf7 29. d5 c6 30. Bb4 cxd5 31. Rd2 Re1 32. Rf2 Rd1 33. Bxd6 dxc4 0-1

[Event "41st Guernsey International Open"]
[Site "Guernsey, GCI"]
[Date "2015.10.22"]
[Round "5"]
[White "Shaw, Meyrick"]
[Black "De Kruif, Kees"]
[Result "1-0"]
[WhiteElo "2003"]
[BlackElo "1954"]
[PlyCount "65"]
[EventDate "2015.10.18"]
[EventType "swiss"]
[EventRounds "7"]

1. d4 Nf6 2. Nf3 e6 3. Bf4 c5 4. e3 Be7 5. c3 b6 6. Bd3 Bb7 7. Nbd2 d5 8. Ne5
O-O 9. Qf3 Nbd7 10. g4 cxd4 11. exd4 Nxe5 12. Bxe5 Nd7 13. Qh3 g6 14. Bf4 e5
15. dxe5 Bg5 16. Bxg5 Qxg5 17. Nf3 Qf4 18. O-O d4 19. Nxd4 Nxe5 20. Be2 Rae8
21. Qg3 Qd2 22. Bb5 Re6 23. f4 Qxb2 24. fxe5 Rxe5 25. Rab1 Qxa2 26. Bc4 Qa5 27.
Nb3 Qa4 28. Rxf7 Qxc4 29. Rxf8+ Kxf8 30. Qxe5 Qxg4+ 31. Qg3 Qe4 32. Rf1+ Kg8
33. Qb8+ 1-0

[Event "41st Guernsey International Open"]
[Site "Guernsey, GCI"]
[Date "2015.10.22"]
[Round "5"]
[White "Canonne, Antoine"]
[Black "Vonhoff, Nils"]
[Result "1/2-1/2"]
[WhiteElo "1967"]
[BlackElo "1999"]
[PlyCount "33"]
[EventDate "2015.10.18"]
[EventType "swiss"]
[EventRounds "7"]

1. e4 c5 2. Nc3 a6 3. a4 Nc6 4. d3 e6 5. Nf3 Qc7 6. g3 Nf6 7. Bg2 b6 8. O-O Bb7
9. Re1 O-O-O 10. Bf4 d6 11. e5 dxe5 12. Nxe5 Nxe5 13. Bxe5 Bd6 14. Bxd6 Rxd6
15. Ne4 Nxe4 16. Bxe4 Bxe4 17. Rxe4 1/2-1/2

[Event "41st Guernsey International Open"]
[Site "Guernsey, GCI"]
[Date "2015.10.22"]
[Round "5"]
[White "Downey, Keith"]
[Black "Jackson, Oliver A"]
[Result "1-0"]
[WhiteElo "1869"]
[BlackElo "2077"]
[PlyCount "95"]
[EventDate "2015.10.18"]
[EventType "swiss"]
[EventRounds "7"]

1. Nf3 d6 2. d4 Bg4 3. e4 Nd7 4. c4 c5 5. Be2 g6 6. Nc3 Bxf3 7. Bxf3 cxd4 8.
Qxd4 Ne5 9. Be2 Bg7 10. Qd1 Rc8 11. Bd2 Nf6 12. O-O O-O 13. b3 a6 14. Rc1 Ned7
15. Be3 Nc5 16. f3 Nh5 17. Qd2 f5 18. exf5 gxf5 19. Bh6 Kh8 20. Bxg7+ Nxg7 21.
Kh1 Qe8 22. Rfe1 Rd8 23. f4 e5 24. Bf1 Qh5 25. Rcd1 Nce6 26. Nd5 e4 27. Re3 Qf7
28. Qb2 h6 29. Ree1 Kh7 30. Rc1 Nh5 31. Qf2 Rg8 32. Be2 Nf6 33. Nxf6+ Qxf6 34.
Bf1 Rg4 35. g3 Rdg8 36. Rcd1 Qe7 37. Bh3 h5 38. Rd5 Nc5 39. Qd4 R4g6 40. Bxf5
Qf7 41. Bxg6+ Qxg6 42. Rxd6 Qg4 43. Qxc5 Qf3+ 44. Kg1 Rxg3+ 45. hxg3 Qxg3+ 46.
Kf1 Qh3+ 47. Ke2 Qd3+ 48. Rxd3 1-0

[Event "41st Guernsey International Open"]
[Site "Guernsey, GCI"]
[Date "2015.10.22"]
[Round "5"]
[White "Phillips, Owen S"]
[Black "Norman, Kenneth I"]
[Result "1/2-1/2"]
[WhiteElo "1947"]
[BlackElo "2124"]
[PlyCount "39"]
[EventDate "2015.10.18"]
[EventType "swiss"]
[EventRounds "7"]

1. b3 e5 2. e3 Nf6 3. Bb2 d6 4. g3 g6 5. Bg2 Bg7 6. Ne2 O-O 7. d3 c6 8. Nd2 Re8
9. h3 a5 10. a3 Na6 11. g4 h5 12. gxh5 Nxh5 13. Nf1 Nc5 14. Nfg3 Nxg3 15. fxg3
d5 16. O-O Qg5 17. Kh2 Qh5 18. Ng1 Qxd1 19. Raxd1 f5 20. Rfe1 1/2-1/2

[Event "41st Guernsey International Open"]
[Site "Guernsey, GCI"]
[Date "2015.10.22"]
[Round "5"]
[White "Hamperl, Fred"]
[Black "Marley, Andrew SG"]
[Result "1/2-1/2"]
[WhiteElo "2082"]
[BlackElo "1882"]
[PlyCount "32"]
[EventDate "2015.10.18"]
[EventType "swiss"]
[EventRounds "7"]

1. e4 c5 2. Nc3 e6 3. f4 Nc6 4. Nf3 Nge7 5. d3 d5 6. Be2 g6 7. O-O Bg7 8. Qe1
Nd4 9. Bd1 b6 10. a4 dxe4 11. Nxe4 Bb7 12. a5 O-O 13. Ne5 Rb8 14. b4 cxb4 15.
axb6 axb6 16. Rb1 Qd5 1/2-1/2

[Event "41st Guernsey International Open"]
[Site "Guernsey, GCI"]
[Date "2015.10.22"]
[Round "5"]
[White "Pleasants, Allan J"]
[Black "French, Max"]
[Result "1/2-1/2"]
[WhiteElo "2061"]
[BlackElo "1824"]
[PlyCount "51"]
[EventDate "2015.10.18"]
[EventType "swiss"]
[EventRounds "7"]

1. e4 c6 2. Nf3 d5 3. Nc3 Bg4 4. h3 Bxf3 5. Qxf3 e6 6. b3 Nd7 7. Bb2 dxe4 8.
Nxe4 Ngf6 9. Bd3 Be7 10. O-O Qc7 11. Rfe1 O-O-O 12. Nxf6 Bxf6 13. Bxf6 gxf6 14.
Bf1 h5 15. d4 Kb8 16. Rad1 f5 17. d5 cxd5 18. c4 dxc4 19. Bxc4 Nf6 20. Rxd8+
Rxd8 21. Rd1 Rxd1+ 22. Qxd1 Qd7 23. Qa1 Ne4 24. Qh8+ Kc7 25. Qxh5 b5 26. Be2
1/2-1/2

[Event "41st Guernsey International Open"]
[Site "Guernsey, GCI"]
[Date "2015.10.22"]
[Round "5"]
[White "Maloberti, David"]
[Black "Murray, J Stephen"]
[Result "1-0"]
[WhiteElo "1975"]
[BlackElo "1814"]
[PlyCount "99"]
[EventDate "2015.10.18"]
[EventType "swiss"]
[EventRounds "7"]

1. d4 Nf6 2. c4 e6 3. Nc3 d5 4. Bg5 Be7 5. e3 O-O 6. cxd5 Nxd5 7. Bxe7 Qxe7 8.
Nf3 Nd7 9. Bd3 Nxc3 10. bxc3 e5 11. Qc2 h6 12. O-O exd4 13. cxd4 Nf6 14. Rfc1
c6 15. Bc4 Be6 16. Bxe6 Qxe6 17. Rab1 Rab8 18. Ne5 Rfe8 19. Qb3 Nd5 20. h3 f6
21. Nd3 Nb6 22. Qxe6+ Rxe6 23. Nc5 Re7 24. a4 Nd5 25. a5 Kf8 26. Rb3 Ke8 27.
Rcb1 b6 28. g3 f5 29. Nd3 Rc8 30. Rc1 Rec7 31. axb6 axb6 32. Kg2 Ke7 33. g4 g6
34. Ne5 Kf6 35. Nc4 b5 36. Ne5 b4 37. f3 Nc3 38. Nd3 Ra8 39. Nxb4 Ne2 40. Rc2
Nxd4 41. exd4 Rd7 42. Nxc6 fxg4 43. fxg4 h5 44. Kg3 hxg4 45. Kxg4 Ra4 46. Re3
Rd5 47. Rf2+ Kg7 48. Re7+ Kh6 49. Rff7 Rg5+ 50. Kf4 1-0

[Event "41st Guernsey International Open"]
[Site "Guernsey, GCI"]
[Date "2015.10.22"]
[Round "5"]
[White "Van Ginkel, Henk"]
[Black "Von Saldern, Ruediger"]
[Result "1-0"]
[WhiteElo "1906"]
[BlackElo "1950"]
[PlyCount "117"]
[EventDate "2015.10.18"]
[EventType "swiss"]
[EventRounds "7"]

1. e4 e5 2. Bc4 Bc5 3. d3 d6 4. Nc3 Be6 5. Bb3 Bxb3 6. axb3 Nc6 7. Na4 Bb6 8.
Nxb6 axb6 9. Rxa8 Qxa8 10. Ne2 Nge7 11. O-O Ng6 12. Ng3 Nd4 13. c3 Ne6 14. Nf5
O-O 15. h4 Re8 16. Qg4 Qd8 17. g3 Qf6 18. Rd1 Ne7 19. d4 exd4 20. cxd4 Nxf5 21.
exf5 h5 22. Qe4 d5 23. Qxd5 Nxd4 24. Qxd4 Qxd4 25. Rxd4 Re1+ 26. Kg2 Rxc1 27.
Rc4 Rxc4 28. bxc4 Kf8 29. Kf3 Ke7 30. Ke4 Kd6 31. Kd4 Kc6 32. f3 Kd6 33. g4 f6
34. b3 c5+ 35. Ke4 Kc6 36. gxh5 b5 37. cxb5+ Kxb5 38. Kd5 Kb4 39. h6 gxh6 40.
Ke6 Kxb3 41. Kxf6 c4 42. Kg7 c3 43. f6 c2 44. f7 c1=Q 45. f8=Q b5 46. f4 b4 47.
f5 Qf4 48. f6 Qxh4 49. f7 Qg5+ 50. Kh7 Qf5+ 51. Kh8 Kc2 52. Qg7 b3 53. f8=Q
Qxf8+ 54. Qxf8 b2 55. Qc5+ Kd2 56. Qd4+ Ke2 57. Qc4+ Kd2 58. Qb3 Kc1 59. Qc3+
1-0

[Event "41st Guernsey International Open"]
[Site "Guernsey, GCI"]
[Date "2015.10.22"]
[Round "5"]
[White "Spanton, Timothy R"]
[Black "Burton, Ronnie"]
[Result "1-0"]
[WhiteElo "1928"]
[BlackElo "1972"]
[PlyCount "139"]
[EventDate "2015.10.18"]
[EventType "swiss"]
[EventRounds "7"]

1. c4 d6 2. g3 Nf6 3. Bg2 g6 4. Nc3 Bg7 5. e4 e5 6. Nge2 O-O 7. O-O Nc6 8. d3
Be6 9. Nd5 Nd7 10. Be3 Ne7 11. d4 Bxd5 12. cxd5 c6 13. Qb3 cxd5 14. dxe5 Nxe5
15. exd5 Nf5 16. Bd2 Nd7 17. Bc3 Nc5 18. Qc2 Bxc3 19. Nxc3 Qb6 20. Rab1 a5 21.
Rbd1 Rfe8 22. Bh3 Re5 23. Bxf5 Rxf5 24. Rfe1 Re5 25. Rxe5 dxe5 26. d6 Rd8 27.
Qd2 Kg7 28. b3 Qc6 29. Qe2 f6 30. Nb5 Ne6 31. a4 Kf7 32. Qe3 Rd7 33. Rc1 Qd5
34. h4 Nd4 35. Nxd4 Qxd4 36. Qh6 Ke6 37. Qf8 Qxd6 38. Qg8+ Kf5 39. Rc4 h5 40.
Qc8 Ke6 41. Rc5 Ke7 42. Rb5 Qc7 43. Qg8 Rd1+ 44. Kh2 Rd7 45. Qxg6 b6 46. Qxh5
Qc2 47. Qf3 Rd3 48. Qf5 Rd2 49. Qxc2 Rxc2 50. Kg2 Rc6 51. Kf3 Ke6 52. Kg4 Rd6
53. f3 Kf7 54. Kf5 Rd3 55. Ke4 Rd4+ 56. Ke3 Rd6 57. g4 Kg6 58. Kf2 Rd2+ 59. Kg3
Rd6 60. h5+ Kh6 61. Kf2 Rd2+ 62. Ke3 Rd6 63. f4 exf4+ 64. Kxf4 Rd4+ 65. Kf5 Kg7
66. Rxb6 Rd5+ 67. Ke4 Rg5 68. Kf4 Rd5 69. Rb5 Rd4+ 70. Kg3 1-0

[Event "41st Guernsey International Open"]
[Site "Guernsey, GCI"]
[Date "2015.10.22"]
[Round "5"]
[White "Van Randen, Fred"]
[Black "Gravett, Alan D"]
[Result "0-1"]
[WhiteElo "1908"]
[BlackElo "1879"]
[PlyCount "98"]
[EventDate "2015.10.18"]
[EventType "swiss"]
[EventRounds "7"]

1. e4 c5 2. Nc3 d6 3. f4 Nf6 4. Nf3 Nc6 5. Bb5 Bd7 6. O-O g6 7. d3 Bg7 8. Qe1
O-O 9. Bxc6 Bxc6 10. Qh4 e6 11. Bd2 Nd7 12. Qh3 b5 13. Rae1 Qb6 14. Kh1 Rae8
15. f5 exf5 16. Bh6 Nf6 17. Bxg7 Kxg7 18. exf5 Bd7 19. Nh4 Rxe1 20. Rxe1 c4 21.
Qg3 cxd3 22. cxd3 Nh5 23. Qf3 Bc6 24. Ne4 Qd4 25. Qf1 Bxe4 26. Rxe4 Qxb2 27.
fxg6 fxg6 28. Re7+ Kg8 29. Nf3 Qxa2 30. Re2 Qd5 31. Qe1 Qxd3 32. Re8 Qf5 33.
Rxf8+ Kxf8 34. Qa1 Nf6 35. Qxa7 Qc5 36. Qb8+ Ke7 37. h3 b4 38. Qb7+ Nd7 39.
Qe4+ Ne5 40. Qh4+ Ke8 41. Qxh7 Qc1+ 42. Ng1 Qc3 43. Ne2 Qe1+ 44. Ng1 Qd1 45.
Kh2 b3 46. Qg8+ Kd7 47. Qb8 Qc2 48. Qb5+ Ke7 49. Ne2 b2 0-1

[Event "41st Guernsey International Open"]
[Site "Guernsey, GCI"]
[Date "2015.10.22"]
[Round "5"]
[White "Hardy, Roger"]
[Black "Brookfield, Toby"]
[Result "0-1"]
[WhiteElo "1949"]
[BlackElo "1897"]
[PlyCount "72"]
[EventDate "2015.10.18"]
[EventType "swiss"]
[EventRounds "7"]

1. d4 f5 2. Bg5 g6 3. Nc3 Bg7 4. e4 fxe4 5. Nxe4 Nf6 6. Nxf6+ exf6 7. Be3 d5 8.
Nf3 Qd6 9. Qd2 Bg4 10. Be2 Nc6 11. h3 Bf5 12. Bb5 O-O-O 13. a3 Rhe8 14. O-O g5
15. Rfe1 Be4 16. Nh2 h5 17. b3 a6 18. Be2 Bg6 19. b4 Ne7 20. b5 axb5 21. Bxb5
c6 22. Be2 Nf5 23. Rab1 Nxe3 24. fxe3 Qg3 25. Nf1 Qc7 26. Rb3 Kd7 27. Reb1 Rb8
28. Rb6 Ke6 29. c4 Bxb1 30. cxd5+ Kxd5 31. Qb4 Ba2 32. e4+ Rxe4 33. Bf3 f5 34.
Qc5+ Ke6 35. Bxe4 fxe4 36. Rb2 Rd8 0-1

[Event "41st Guernsey International Open"]
[Site "Guernsey, GCI"]
[Date "2015.10.22"]
[Round "5"]
[White "Kershaw, Graham J"]
[Black "Plug, Arjan"]
[Result "1/2-1/2"]
[WhiteElo "1900"]
[BlackElo "1824"]
[PlyCount "46"]
[EventDate "2015.10.18"]
[EventType "swiss"]
[EventRounds "7"]

1. e4 e6 2. d4 d5 3. Nd2 h6 4. e5 c5 5. c3 Nc6 6. Ndf3 Bd7 7. Bd3 cxd4 8. cxd4
Bb4+ 9. Bd2 Qa5 10. Ne2 Bxd2+ 11. Nxd2 Nb4 12. Bb1 Rc8 13. O-O Ne7 14. Nb3 Qc7
15. a3 Na6 16. Nc3 b6 17. Bd3 Nb8 18. Qg4 Kf8 19. Rac1 Qb7 20. Ne2 a5 21. f4
Nf5 22. Nd2 Ne3 23. Qh3 Nxf1 1/2-1/2

[Event "41st Guernsey International Open"]
[Site "Guernsey, GCI"]
[Date "2015.10.22"]
[Round "5"]
[White "Bakker, Joop"]
[Black "Petersons, Ojars"]
[Result "1/2-1/2"]
[WhiteElo "1899"]
[BlackElo "1827"]
[PlyCount "68"]
[EventDate "2015.10.18"]
[EventType "swiss"]
[EventRounds "7"]

1. d4 f5 2. Nc3 Nf6 3. Bg5 d5 4. Bxf6 exf6 5. e3 c6 6. Bd3 Bd6 7. Qf3 g6 8. h4
h5 9. Nge2 Be6 10. Nf4 Bf7 11. Nce2 a5 12. Ng3 Na6 13. c3 Qe7 14. Qe2 Bxf4 15.
exf4 Nc7 16. Qxe7+ Kxe7 17. O-O-O b5 18. Bc2 Kd6 19. Rhe1 Rhe8 20. Nf1 Rxe1 21.
Rxe1 Re8 22. Rxe8 Bxe8 23. Nd2 Ne6 24. g3 c5 25. Nb3 a4 26. Nxc5 Nxc5 27. dxc5+
Kxc5 28. a3 d4 29. Kd2 dxc3+ 30. Kxc3 Bf7 31. Bd1 Bd5 32. Be2 Be4 33. Bf1 Bd5
34. Be2 Be4 1/2-1/2

[Event "41st Guernsey International Open"]
[Site "Guernsey, GCI"]
[Date "2015.10.22"]
[Round "5"]
[White "Dijksterhuis, Rolf"]
[Black "Ippel, Cornelius J"]
[Result "1-0"]
[WhiteElo "2006"]
[BlackElo "1807"]
[PlyCount "83"]
[EventDate "2015.10.18"]
[EventType "swiss"]
[EventRounds "7"]

1. e4 e6 2. d4 d5 3. Nc3 Bb4 4. Nge2 dxe4 5. a3 Bxc3+ 6. Nxc3 Bd7 7. Nxe4 Bc6
8. Qd3 a6 9. Bf4 Nd7 10. Be2 h6 11. O-O-O Bxe4 12. Qxe4 c6 13. h4 Ngf6 14. Qd3
b5 15. Qg3 Rg8 16. Rhe1 Rc8 17. Bf3 Nb6 18. Re5 Nbd5 19. Bd2 a5 20. Rde1 Kd7
21. Qh3 b4 22. g4 Qb6 23. axb4 axb4 24. g5 Ra8 25. Be3 Ra1+ 26. Kd2 Rxe1 27.
Kxe1 Nxe3 28. fxe3 Nd5 29. Bxd5 cxd5 30. Rxd5+ Ke7 31. Rc5 Ra8 32. b3 Ra5 33.
Rc4 hxg5 34. Qg3 Kd7 35. hxg5 Qb7 36. Kd2 Ra1 37. e4 Ra5 38. Qf4 Kd8 39. Qd6+
Ke8 40. Rc7 Qxc7 41. Qxc7 Rxg5 42. Qb8+ 1-0

[Event "41st Guernsey International Open"]
[Site "Guernsey, GCI"]
[Date "2015.10.23"]
[Round "6"]
[White "Petrov, Marian"]
[Black "Koop, Thorben"]
[Result "1/2-1/2"]
[WhiteElo "2462"]
[BlackElo "2407"]
[PlyCount "56"]
[EventDate "2015.10.18"]
[EventType "swiss"]
[EventRounds "7"]

1. e4 c5 2. Nf3 Nc6 3. Bb5 g6 4. Bxc6 bxc6 5. O-O Bg7 6. Re1 Nh6 7. c3 O-O 8.
d4 cxd4 9. cxd4 f6 10. Nc3 d6 11. b3 Qa5 12. Bb2 Bd7 13. Rc1 Rad8 14. a3 Nf7
15. b4 Qb6 16. d5 c5 17. Na2 a5 18. Rb1 axb4 19. axb4 Qa7 20. Ra1 Qb7 21. Bc3
Rc8 22. Qd2 Bh6 23. Qb2 Rb8 24. Reb1 Qa6 25. Bd2 Bg7 26. Bc3 Bh6 27. Bd2 Bg7
28. Bc3 Bh6 1/2-1/2